Collegium Universi Juris Canonici / (Record no. 10780)

MARC details
000 -CABECERA
campo de control de longitud fija 00908nam a22002177a 4500
003 - IDENTIFICADOR DEL NÚMERO DE CONTROL
campo de control FranzMayer
005 - FECHA Y HORA DE LA ÚLTIMA TRANSACCIÓN
campo de control 20190828133321.0
008 - DATOS DE LONGITUD FIJA--INFORMACIÓN GENERAL
campo de control de longitud fija 190828b ||||| |||| 00| 0 eng d
040 ## - FUENTE DE LA CATALOGACIÓN
Centro/agencia transcriptor Franz
100 ## - ENTRADA PRINCIPAL--NOMBRE DE PERSONA
Nombre de persona Engel, Ludovico
9 (RLIN) 28343
245 ## - MENCIÓN DE TÍTULO
Título Collegium Universi Juris Canonici /
Mención de responsabilidad, etc. auctore P. Ludovico Engel; annotationes Caspari Barthel.
260 ## - PUBLICACIÓN, DISTRIBUCIÓN, ETC.
Lugar de publicación, distribución, etc. Baglioni (Venecia, Italia):
Fecha de publicación, distribución, etc. 1760.
300 ## - DESCRIPCIÓN FÍSICA
Extensión 1 v. (en varias paginaciones);
Dimensiones 37 x 23 cm.
500 ## - NOTA GENERAL
Nota general Estado físico: en mal estado. Se encuentra en el Área de Restauración.
650 ## - PUNTO DE ACCESO ADICIONAL DE MATERIA--TÉRMINO DE MATERIA
Término de materia o nombre geográfico como elemento de entrada Corpus iuris canonici
Subdivisión general Decretales
Subdivisión cronológica Obras anteriores a 1800
9 (RLIN) 28344
650 ## - PUNTO DE ACCESO ADICIONAL DE MATERIA--TÉRMINO DE MATERIA
Término de materia o nombre geográfico como elemento de entrada Monacato y órdenes religiosas (Derecho canónico)
Subdivisión cronológica Obras anteriores a 1800
9 (RLIN) 28345
650 ## - PUNTO DE ACCESO ADICIONAL DE MATERIA--TÉRMINO DE MATERIA
Término de materia o nombre geográfico como elemento de entrada Sacerdotes
Subdivisión cronológica Obras anteriores a 1800
9 (RLIN) 28346
650 ## - PUNTO DE ACCESO ADICIONAL DE MATERIA--TÉRMINO DE MATERIA
Término de materia o nombre geográfico como elemento de entrada Derecho canónico
Subdivisión cronológica Obras anteriores a 1800
9 (RLIN) 22085
700 ## - PUNTO DE ACCESO ADICIONAL--NOMBRE DE PERSONA
Nombre de persona Barthel, Caspari
9 (RLIN) 28347
942 ## - ELEMENTOS DE PUNTO DE ACCESO ADICIONAL (KOHA)
Fuente del sistema de clasificación o colocación Library of Congress Classification
Tipo de ítem Koha Libros
Holdings
Estado de retiro Estado de pérdida Fuente del sistema de clasificación o colocación Estado dañado No para préstamo Código de colección Localización permanente Ubicación/localización actual Fecha de adquisición Número de inventario Total de préstamos Fecha visto por última vez Precio válido a partir de Tipo de ítem Koha
El ejemplar forma parte de la colección y puede ser consultado según las políticas vigentes.   Library of Congress Classification     Libros Antiguos y Raros Biblioteca del Museo Franz Mayer (Rogerio Casas-Alatriste) Biblioteca del Museo Franz Mayer (Rogerio Casas-Alatriste) 28/08/2019 S/N   28/08/2019 28/08/2019 Libros